Empresa diseños y proyectos S.A. DYPSA durante el periodo 2007-2013
Presenta el proceso de diseño arquitectónico de los tres proyectos seleccionados en todas las fases de desarrollo, así como la documentación generada durante el proceso tales como, esquemas, gráficas, tablas, cuadros, correspondencias, planos, fotografías etc.
| Main Author: | |
|---|---|
| Other Authors: | |
| Format: | Tesis Section = Libro |
| Language: | Undetermined Spanish |
| Published: |
Managua
UNI
2013
|
| Subjects: |
| LEADER | 01048nam a2200241Ia 4500 | ||
|---|---|---|---|
| 008 | 240830s9999 xx 000 0 und d | ||
| 040 | |a BIBLIOTECA-RUSB/ Mon 729.2 F175 | ||
| 041 | |a spa | ||
| 082 | |a Mon 729.2 F175 | ||
| 100 | 1 | |a Fajardo Benavides, Sergio Ramón | |
| 245 | 1 | 0 | |a Empresa diseños y proyectos S.A. DYPSA durante el periodo 2007-2013 |
| 260 | |a Managua |b UNI |c 2013 | ||
| 300 | |a 416 p. :il. | ||
| 500 | |a Informe de Prácticas Profesionales, anexos e incluye CD. | ||
| 502 | |a Tesis (Arquitecto) - UNI, 2013. | ||
| 520 | 3 | |a Presenta el proceso de diseño arquitectónico de los tres proyectos seleccionados en todas las fases de desarrollo, así como la documentación generada durante el proceso tales como, esquemas, gráficas, tablas, cuadros, correspondencias, planos, fotografías etc. | |
| 650 | 7 | |a DISEÑO ARQUITECTÓNICO | |
| 650 | 7 | |b ARQUITECTURA - DISEÑO PLANOS | |
| 650 | 7 | |c ADMINISTRACION DE PROYECTOS | |
| 700 | 1 | |a Tutor: |b Chávez Quintero, Luis Alberto | |
| 942 | |c BK |2 ddc | ||
| 991 | |a TESIS | ||
| 999 | |c 21535 | ||